000 00674nas a2200241 4500
001 BR9200093
003 BR-BrBNA
005 20231205092217.0
007 ta
008 230509b bl.|||p| |||| 00| 00por d
040 _aBR-BrBNA
_bpor
_cBiblioteca Nacional de Agricultura
041 _a(Pt)
072 _aL51
100 1 _aAnon.
245 1 _aAnabolicos promotores de crescimento
650 _aGADO DE CORTE
650 _aANABOLIZANTE
650 _aENGORDA
650 _aHORMONIO ANIMAL
773 0 _tCasa da Agricultura (Brazil)
_xISSN 0100-6541
_g(Apr-Jun 1989), v. 11(2) p. 12-13
_wBR9200093
909 _a202311
_bLúcia
_c55
_dLúcia Elande
942 _2AGRIS
_n0
_cANA
999 _c130121
_d130121